000 00383nam a22001457a 4500
999 _c2252
_d2252
008 200218b ||||| |||| 00| 0 eng d
082 0 0 _a620.02
_bH5489
100 _91836
_aHerkimer, Herbert.
245 1 0 _aEngineers' illustrated thesaurus
_cby Herbert Herkimer
260 _aNew York
_bChemical Pub
_c1952
300 _a572p.
365 _d31.08
650 0 _aEngineering
942 _cBK